| 000 | 00490nam a2200169 4500 | ||
|---|---|---|---|
| 001 | VA38647 | ||
| 003 | ES-SlBCS | ||
| 005 | 20210601154711.0 | ||
| 008 | 140520s1973 xxu||||| |||| 00| 0 spa d | ||
| 041 | _aspa | ||
| 100 | 1 |
_aSouto, José Antonio _94594 |
|
| 245 | 1 | 0 |
_aNotas para una interpretación actual del derecho canónico _cJosé Antonio Souto |
| 260 |
_aPamplona : _bEunsa _c, 1973 |
||
| 300 |
_a210 p.; _c20 cm |
||
| 650 |
_aDerecho Canónico-Interpretación _9357387 |
||
| 942 | _cBK | ||
| 999 |
_c808315 _d808315 |
||